| 000 | 00937nam a22003015i 4500 | ||
|---|---|---|---|
| 999 |
_c532122 _d532122 |
||
| 001 | 20390499 | ||
| 003 | NUST | ||
| 005 | 20191122151103.0 | ||
| 008 | 180308s2018 nyu 000 0 eng | ||
| 010 | _a 2018937390 | ||
| 020 | _a9783319787220 | ||
| 038 | _aNusrat Nadeem | ||
| 040 |
_aDLC _beng _erda _cDLC |
||
| 042 | _apcc | ||
| 082 | _a574 | ||
| 100 |
_aIgnacio Rojas _926094 |
||
| 245 | 0 | 0 |
_aBioinformatics and biomedical engineering. _b6th International Work-Conference,IWBBIO 2018 Granada,Spain,April 25-27,2018 Proceedings,Part II |
| 263 | _a1804 | ||
| 264 | 1 |
_aNew York, NY : _bSpringer Berlin Heidelberg, _c2018. |
|
| 300 | _apages cm | ||
| 336 |
_atext _btxt _2rdacontent |
||
| 337 |
_aunmediated _bn _2rdamedia |
||
| 338 |
_avolume _bnc _2rdacarrier |
||
| 440 |
_aLecture Notes in Computer Science _926093 |
||
| 906 |
_a0 _bibc _corignew _d2 _eepcn _f20 _gy-gencatlg |
||
| 942 |
_2ddc _cBK |
||